[Event "World Amateur-ch U2000"]
[Site "Muscat"]
[Date "2023.11.07"]
[Round "6.20"]
[White "Elobeid, Asim Ali"]
[Black "Benkhoucha, Samy"]
[Result "1/2-1/2"]
[WhiteElo "1943"]
[BlackElo "1778"]
[PlyCount "102"]
[EventDate "2023.11.02"]
[EventType "swiss"]
[EventRounds "9"]
[EventCountry "OMN"]
[SourceTitle "CB46_2023"]
[SourceDate "2023.11.15"]
[SourceVersion "1"]
[SourceVersionDate "2023.11.15"]
[SourceQuality "1"]

1. d4 d5 2. c4 c6 3. Nf3 Nf6 4. g3 g6 5. Bg2 Bg7 6. 0-0 0-0 7. b3 a5 8. cxd5 cxd5 9. Nc3 Ne4 10. Nxe4 dxe4 11. Ne5 f6 12. Nc4 f5 13. Bb2 Nc6 14. Ne5 Bxe5 15. dxe5 Qxd1 16. Rfxd1 a4 17. f3 exf3 18. Bxf3 Be6 19. bxa4 Rxa4 20. a3 Na5 21. Bc3 Rc8 22. Bb4 Kf7 23. e4 Nc4 24. exf5 gxf5 25. Bh5+ Kf8 26. Rac1 Raa8 27. Bf3 Rc7 28. Kf2 Rac8 29. Bh5 Kg7 30. Re1 Nb2 31. Rxc7 Rxc7 32. Be2 Rc2 33. Ke3 Bc4 34. Bxe7 Bxe2 35. Rxe2 Nc4+ 36. Kd3 Rxe2 37. Kxe2 Nxe5 38. Bb4 Kg6 39. h3 Nf7 40. Be7 Ne5 41. Ke3 Nc6 42. Bc5 Kg5 43. Bd6 h5 44. Bc5 Ne5 45. Be7+ Kg6 46. Bb4 Kg5 47. Bc5 h4 48. Be7+ Kh5 49. gxh4 Nc4+ 50. Kf4 Nxa3 51. Bxa3 Kxh4 1/2-1/2

[Event "World Amateur-ch U2000"]
[Site "Muscat"]
[Date "2023.11.06"]
[Round "5.11"]
[White "Dadabaev, Janybek"]
[Black "Elobeid, Asim Ali"]
[Result "1-0"]
[WhiteElo "1749"]
[BlackElo "1943"]
[PlyCount "81"]
[EventDate "2023.11.02"]
[EventType "swiss"]
[EventRounds "9"]
[EventCountry "OMN"]
[SourceTitle "CB46_2023"]
[SourceDate "2023.11.15"]
[SourceVersion "1"]
[SourceVersionDate "2023.11.15"]
[SourceQuality "1"]

1. d4 Nf6 2. c4 g6 3. Nc3 Bg7 4. e4 d6 5. Nf3 0-0 6. Be2 e5 7. Be3 Nc6 8. d5 Ne7 9. Nd2 Ne8 10. b4 f5 11. f3 Nf6 12. c5 Rf7 13. Nc4 Bf8 14. a4 f4 15. Bf2 g5 16. cxd6 cxd6 17. Nb5 Ng6 18. Nxa7 Rxa7 19. Bxa7 Nh4 20. Rg1 g4 21. Bb6 Qe7 22. Bf2 g3 23. hxg3 fxg3 24. Bxg3 Nh5 25. Bf2 Bh6 26. g3 Rg7 27. Nb6 Bh3 28. Bf1 Nf4 29. gxf4 Rxg1 30. Bxg1 Bg2 31. Bxg2 Nxg2+ 32. Kf1 Nxf4 33. Qc2 Bf8 34. Qc8 h5 35. Nd7 Ng6 36. Nxf8 Nxf8 37. Ra2 Qf7 38. Rg2+ Kh8 39. Qf5 Qe7 40. Qxh5+ Nh7 41. Rh2 1-0

[Event "Arab-ch"]
[Site "Khartoum"]
[Date "2023.02.27"]
[Round "3"]
[White "Elobeid, Asim Ali"]
[Black "Al Zadjali, Abdul Rahman"]
[Result "0-1"]
[WhiteElo "1978"]
[BlackElo "1888"]
[PlyCount "72"]
[EventDate "2023.02.26"]
[EventType "swiss"]
[EventRounds "9"]
[EventCountry "SUD"]
[SourceTitle "CBM 213 Extra"]
[Source "ChessBase"]
[SourceDate "2023.05.31"]
[SourceVersion "1"]
[SourceVersionDate "2023.05.31"]
[SourceQuality "1"]

1. Nf3 c5 2. e4 g6 3. g3 Bg7 4. Bg2 e5 5. 0-0 Nc6 6. d3 Nge7 7. Nc3 d6 8. Nd2 0-0 9. Nc4 Nd4 10. a4 f5 11. f4 Rb8 12. Nd5 Ne6 13. c3 b6 14. Nce3 Nxd5 15. Nxd5 Kh8 16. Be3 Bb7 17. Qd2 a6 18. Rf2 b5 19. axb5 axb5 20. Rff1 Ra8 21. b4 cxb4 22. Nxb4 Rc8 23. fxe5 dxe5 24. Ra7 Ba8 25. Nd5 f4 26. Bb6 Qd6 27. Bf2 f3 28. Bh3 Bxd5 29. exd5 Qxd5 30. Rfa1 e4 31. d4 b4 32. Re7 bxc3 33. Qe1 Ng5 34. Bxc8 Rxc8 35. Raa7 Bxd4 36. Qxc3 Bxc3 0-1

[Event "Addis Ababa zt 4.4"]
[Site "Addis Ababa"]
[Date "2022.05.08"]
[Round "9"]
[White "Elobeid, Asim Ali"]
[Black "Haitham, Mohammed Abdalrasoo"]
[Result "1-0"]
[WhiteElo "2041"]
[BlackElo "1982"]
[PlyCount "29"]
[EventDate "2022.05.02"]
[EventType "swiss"]
[EventRounds "9"]
[EventCountry "ETH"]
[SourceTitle "CBM 208 Extra"]
[Source "ChessBase"]
[SourceDate "2022.07.31"]
[SourceVersion "1"]
[SourceVersionDate "2022.07.31"]
[SourceQuality "1"]

1. Nf3 d6 2. e4 Nf6 3. d3 e5 4. g3 Be7 5. Bg2 c6 6. Nbd2 Qc7 7. 0-0 Nbd7 8. c3 0-0 9. d4 Re8 10. Re1 Nf8 11. h3 Be6 12. Ng5 Rad8 13. Nxe6 Nxe6 14. Nf3 Qb6 15. Qc2 1-0

[Event "Olympiad-42"]
[Site "Baku"]
[Date "2016.09.09"]
[Round "7.3"]
[White "Elobeid, Asim Ali"]
[Black "Smith, Shreyas"]
[Result "0-1"]
[WhiteElo "2109"]
[BlackElo "2146"]
[PlyCount "50"]
[EventDate "2016.09.02"]
[EventType "team-swiss"]
[EventRounds "11"]
[EventCountry "AZE"]
[SourceTitle "CBM 175"]
[Source "ChessBase"]
[SourceDate "2016.11.10"]
[SourceVersion "1"]
[SourceVersionDate "2016.11.10"]
[SourceQuality "1"]
[WhiteTeam "Sudan"]
[BlackTeam "Jamaica"]
[WhiteTeamCountry "SUD"]
[BlackTeamCountry "JAM"]

1. c4 c5 2. g3 Nf6 3. Bg2 d5 4. cxd5 Nxd5 5. Nc3 Nc7 6. Nf3 Nc6 7. 0-0 e5 8. d3 Be7 9. Be3 0-0 10. Rc1 Be6 11. a3 b6 12. b4 cxb4 13. axb4 Bxb4 14. Ng5 Bd7 15. Nd5 Nxd5 16. Bxd5 Rc8 17. Qb3 Qe7 18. Rc4 Bc5 19. Rh4 Bxe3 20. Nxf7 Rxf7 21. fxe3 Nd8 22. d4 Be6 23. Rxf7 Qxf7 24. Bxe6 Nxe6 25. d5 Rc1+ 0-1

[Event "Olympiad-42"]
[Site "Baku"]
[Date "2016.09.02"]
[Round "1.3"]
[White "Rusev, Krasimir"]
[Black "Elobeid, Asim Ali"]
[Result "1-0"]
[WhiteElo "2548"]
[BlackElo "2109"]
[PlyCount "69"]
[EventDate "2016.09.02"]
[EventType "team-swiss"]
[EventRounds "11"]
[EventCountry "AZE"]
[SourceTitle "CBM 175"]
[Source "ChessBase"]
[SourceDate "2016.11.10"]
[SourceVersion "1"]
[SourceVersionDate "2016.11.10"]
[SourceQuality "1"]
[WhiteTeam "Bulgaria"]
[BlackTeam "Sudan"]
[WhiteTeamCountry "BUL"]
[BlackTeamCountry "SUD"]

1. d4 d6 2. e4 Nf6 3. Nc3 c6 4. f4 Qa5 5. e5 Ne4 6. Qf3 d5 7. Bd3 g6 8. Nge2 Na6 9. 0-0 Nxc3 10. bxc3 e6 11. c4 Bd7 12. Rb1 b5 13. c5 Be7 14. Be3 Qd8 15. g4 f5 16. exf6 Bxf6 17. h4 0-0 18. g5 Be7 19. h5 e5 20. dxe5 Nxc5 21. hxg6 Nxd3 22. gxh7+ Kh8 23. cxd3 Bxg5 24. Qh5 Be7 25. f5 Be8 26. Qh2 d4 27. Bxd4 c5 28. Ba1 Qxd3 29. Rb3 Qe4 30. Rg3 Bc6 31. e6+ Rf6 32. Qh6 Qh1+ 33. Qxh1 Bxh1 34. Kxh1 Kxh7 35. Bxf6 1-0

[Event "Arab Clubs-chT 11th"]
[Site "Tunis"]
[Date "2009.12.18"]
[Round "8"]
[White "Abdulla, Ali"]
[Black "Elobeid, Asim Ali"]
[Result "1-0"]
[WhiteElo "1654"]
[BlackElo "2134"]
[PlyCount "123"]
[EventDate "2009.12.12"]
[EventType "team-swiss"]
[EventRounds "9"]
[EventCountry "TUN"]
[SourceTitle "EXT 2020"]
[Source "ChessBase"]
[SourceDate "2019.10.17"]
[SourceVersion "1"]
[SourceVersionDate "2019.10.17"]
[SourceQuality "1"]
[WhiteTeam "Dubai"]
[BlackTeam "Al Ahli Wad Medani"]
[WhiteTeamCountry "UAE"]
[BlackTeamCountry "SUD"]

1. d4 Nf6 2. c4 c5 3. d5 b5 4. cxb5 a6 5. bxa6 Bxa6 6. Nc3 d6 7. e4 Bxf1 8. Kxf1 g6 9. g3 Bg7 10. Kg2 0-0 11. Nf3 Nbd7 12. Re1 Nb6 13. Nd2 Nfd7 14. Qe2 Qb8 15. Nc4 Nxc4 16. Qxc4 Ne5 17. Qe2 c4 18. Bd2 Qxb2 19. a4 Rfb8 20. Reb1 Qc2 21. Ra2 Qd3 22. Rxb8+ Rxb8 23. a5 Nd7 24. Qxd3 cxd3 25. a6 Rc8 26. a7 Nb6 27. Rb2 Bd4 28. Be3 Bxe3 29. fxe3 Rxc3 30. Rxb6 Rc2+ 31. Kh3 Rc8 32. Rb8 d2 33. Rxc8+ Kg7 34. a8Q d1Q 35. Rg8+ Kh6 36. Qf8+ Kg5 37. Qxe7+ f6 38. Kg2 Qe2+ 39. Kg1 Qxe3+ 40. Kf1 Qf3+ 41. Ke1 Qe3+ 42. Kd1 Qd3+ 43. Ke1 Qc3+ 44. Kd1 Kg4 45. Qd7+ Kf3 46. Qc6 Qd3+ 47. Kc1 Qa3+ 48. Kc2 Qa2+ 49. Kc3 Qa1+ 50. Kb4 Qb2+ 51. Ka5 Qa3+ 52. Kb6 Qb4+ 53. Kc7 Kxe4 54. Re8+ Kf5 55. Qd7+ Kg5 56. h4+ Kh6 57. Qxd6 Qa5+ 58. Kd7 Qa7+ 59. Ke6 Qe3+ 60. Kf7 Qa7+ 61. Re7 Qa1 62. Qf4+ 1-0

[Event "Arab Cities-chT"]
[Site "Cairo"]
[Date "2009.10.31"]
[Round "8"]
[White "Alzantuti, Yousef"]
[Black "Elobeid, Asim Ali"]
[Result "0-1"]
[WhiteElo "2018"]
[BlackElo "2134"]
[PlyCount "70"]
[EventDate "2009.10.25"]
[EventType "team-tourn"]
[EventRounds "9"]
[EventCountry "EGY"]
[SourceTitle "EXT 2010"]
[Source "ChessBase"]
[SourceDate "2010.11.25"]
[SourceVersion "1"]
[SourceVersionDate "2010.11.25"]
[SourceQuality "1"]
[WhiteTeam "Tagora"]
[BlackTeam "Elkadaref"]
[WhiteTeamCountry "LBY"]
[BlackTeamCountry "SUD"]

1. e4 c5 2. Nf3 d6 3. d4 cxd4 4. Nxd4 Nf6 5. Nc3 a6 6. f3 b5 7. a3 e6 8. Be3 Be7 9. Qd2 Bb7 10. Be2 Nbd7 11. g4 Nb6 12. g5 Nfd7 13. h4 Ne5 14. b3 Rc8 15. Na2 d5 16. exd5 Nxd5 17. Rg1 Nxe3 18. Qxe3 Bc5 19. Rd1 Nc6 20. c3 0-0 21. f4 Re8 22. b4 Bb6 23. Rg3 Qc7 24. Qf2 e5 25. fxe5 Qxe5 26. Nc1 Nxd4 27. cxd4 Bxd4 28. Rxd4 Rxc1+ 29. Kd2 Ra1 30. Bd1 Ra2+ 31. Bc2 Be4 32. Rc3 g6 33. Rc5 Qxc5 34. bxc5 Rxc2+ 35. Ke3 Bc6+ 0-1

[Event "Olympiad-37"]
[Site "Turin"]
[Date "2006.05.30"]
[Round "9"]
[White "Curi, Gabriel"]
[Black "Elobeid, Asim Ali"]
[Result "1-0"]
[WhiteElo "2278"]
[BlackElo "2100"]
[PlyCount "97"]
[EventDate "2006.05.21"]
[EventType "team-swiss"]
[EventRounds "13"]
[EventCountry "ITA"]
[SourceTitle "CBM 113"]
[Source "ChessBase"]
[SourceDate "2006.07.31"]
[SourceVersion "1"]
[SourceVersionDate "2006.07.31"]
[SourceQuality "1"]
[WhiteTeam "Uruguay"]
[BlackTeam "Sudan"]
[WhiteTeamCountry "URU"]
[BlackTeamCountry "SUD"]

1. e4 d5 2. exd5 Qxd5 3. Nc3 Qa5 4. Bc4 Nf6 5. d3 c6 6. Qe2 Bf5 7. Bd2 Qc7 8. h3 e6 9. 0-0-0 Bd6 10. Nf3 0-0 11. g4 Bg6 12. Ne4 Bxe4 13. dxe4 Bf4 14. e5 Bxd2+ 15. Rxd2 Nd5 16. Qe4 Nd7 17. Ng5 g6 18. f4 b5 19. Bb3 Nc5 20. Qf3 Nxb3+ 21. cxb3 Qb6 22. Re1 Qc5+ 23. Kb1 Qb4 24. Ne4 Rfd8 25. Red1 a5 26. a3 Qe7 27. h4 c5 28. h5 a4 29. Rh2 axb3 30. hxg6 fxg6 31. Rxd5 Rxd5 32. Nf6+ Kh8 33. Qh1 Ra7 34. Nxd5 exd5 35. Qxd5 Rd7 36. Qxb3 Qd8 37. Rh1 b4 38. e6 Rd4 39. axb4 cxb4 40. Re1 Qe7 41. f5 gxf5 42. gxf5 Rf4 43. Qc2 Kg7 44. Qg2+ Kf6 45. Qh3 b3 46. Qh6+ Kxf5 47. Qh5+ Kf6 48. Qe5+ Kg6 49. Rg1+ 1-0

[Event "Olympiad-37"]
[Site "Turin"]
[Date "2006.05.29"]
[Round "8"]
[White "Elobeid, Asim Ali"]
[Black "Fulton, Anthony John"]
[Result "1-0"]
[WhiteElo "2100"]
[BlackElo "2137"]
[PlyCount "71"]
[EventDate "2006.05.21"]
[EventType "team-swiss"]
[EventRounds "13"]
[EventCountry "ITA"]
[SourceTitle "CBM 113"]
[Source "ChessBase"]
[SourceDate "2006.07.31"]
[SourceVersion "1"]
[SourceVersionDate "2006.07.31"]
[SourceQuality "1"]
[WhiteTeam "Sudan"]
[BlackTeam "Jersey"]
[WhiteTeamCountry "SUD"]
[BlackTeamCountry "JCI"]

1. d4 Nf6 2. c4 c5 3. Nf3 cxd4 4. Nxd4 a6 5. Nc3 e5 6. Nc2 Bc5 7. Be3 Bxe3 8. Nxe3 0-0 9. g3 Nc6 10. Bg2 Rb8 11. 0-0 b5 12. cxb5 axb5 13. Ncd5 Nd4 14. Nxf6+ Qxf6 15. Nd5 Qd8 16. e3 Nc6 17. Rc1 b4 18. Qd2 Qa5 19. Rxc6 dxc6 20. Ne7+ Kh8 21. Nxc6 Qb6 22. Nxb8 Qxb8 23. Rc1 Be6 24. a3 b3 25. Bd5 Bxd5 26. Qxd5 f5 27. Rc3 f4 28. Rxb3 Qc8 29. exf4 exf4 30. Rc3 Qb8 31. b4 Qe8 32. Rf3 Qe1+ 33. Kg2 Qe7 34. Qc5 Qe8 35. b5 Qa8 36. Qc6 1-0

[Event "Olympiad-37"]
[Site "Turin"]
[Date "2006.05.28"]
[Round "7"]
[White "Elobeid, Asim Ali"]
[Black "Galappaththi, Chinthaka Anuruddh"]
[Result "1-0"]
[WhiteElo "2179"]
[BlackElo "2143"]
[PlyCount "73"]
[EventDate "2006.05.21"]
[EventType "team-swiss"]
[EventRounds "13"]
[EventCountry "ITA"]
[SourceTitle "CBM 113"]
[Source "ChessBase"]
[SourceDate "2006.07.31"]
[SourceVersion "1"]
[SourceVersionDate "2006.07.31"]
[SourceQuality "1"]
[WhiteTeam "Sudan"]
[BlackTeam "Sri Lanka"]
[WhiteTeamCountry "SUD"]
[BlackTeamCountry "SRI"]

1. c4 Nf6 2. d4 g6 3. Nc3 Bg7 4. e4 d6 5. Nf3 0-0 6. Be2 c5 7. 0-0 Na6 8. d5 Nc7 9. Bf4 Nh5 10. Be3 a6 11. a4 e5 12. Qd2 Bd7 13. Ne1 Nf6 14. f3 Nfe8 15. a5 f5 16. Na4 f4 17. Bf2 Nf6 18. Nb6 Rb8 19. b4 cxb4 20. Qxb4 Nce8 21. c5 g5 22. cxd6 g4 23. Nxd7 Qxd7 24. Nd3 gxf3 25. Bxf3 Qxd6 26. Bc5 Qc7 27. Rac1 Qd8 28. Be7 Qd7 29. Nxe5 Qb5 30. Qxb5 axb5 31. Bxf8 Bxf8 32. Nd3 Nd7 33. e5 Bg7 34. Rfe1 b4 35. d6 b3 36. Bd5+ Kf8 37. Bxb3 1-0